00615nam a2200217Ia 450000500170000000800410001702000150005808200240007324500310009726000390012830000120016765000100017965000180018965000130020765000120022070000250023270000190025794200060027695201000028299900150038220250324070343.0240331s9999 xx 000 0 und d a0415058740 bMED22548a302.2308 0aMedia, Knowledge and Power aLondon;aNew YorkbRoutledgec1987 a483 p., aMedia aCommunication aLanguage aSociety aBoyd-Barrett, Oeedt aBraham, Peedt cL 001040708LaWERCLbWERCLcSSCd2024-03-31l0o 302.2308 MEDp2548r2024-03-31w2024-03-31yL c1488d1488